[Event "Xtracon Skakligaen"]
[Site "Denmark"]
[Date "2016.03.06"]
[Round "9.6"]
[White "Nielsen, Lars Aaes"]
[Black "Rathlev, Jakob"]
[Result "1/2-1/2"]
[WhiteElo "2231"]
[BlackElo "2240"]
[PlyCount "115"]
[EventDate "2015.10.31"]
[EventType "team-tourn"]
[EventRounds "9"]
[EventCountry "DEN"]
[WhiteTeam "Nordkalotten"]
[BlackTeam "Jetsmark"]
[WhiteTeamCountry "DEN"]
[BlackTeamCountry "DEN"]

1. e4 d5 2. exd5 Qxd5 3. Nc3 Qa5 4. Nf3 Nf6 5. Be2 c6 6. O-O Bg4 7. h3 Bh5 8.
b4 Qc7 9. Nd4 Bg6 10. b5 a6 11. bxc6 Nxc6 12. Nxc6 bxc6 13. Rb1 e6 14. Bf3 Bd6
15. d3 O-O 16. Bd2 Rab8 17. Qe2 Nd5 18. Ne4 Be7 19. c4 Nf4 20. Qe3 e5 21. d4
Ne6 22. dxe5 Bg5 23. Qc3 Bxd2 24. Qxd2 Qxe5 25. Rxb8 Rxb8 26. Re1 Nd4 27. Ng5
Qf6 28. Qe3 Qd6 29. Bd5 cxd5 30. Qxd4 Qb4 31. Rc1 Qa3 32. Qe3 Qxe3 33. fxe3 Rb1
34. Rxb1 Bxb1 35. c5 Kf8 36. a3 Be4 37. Kf2 Ke7 38. Kg3 Kd7 39. Nxf7 Kc6 40.
Ng5 Bc2 41. Ne6 Be4 42. Kf2 a5 43. g4 Kb5 44. Kg3 Bg6 45. Kf4 Bf7 46. Nxg7 Kxc5
47. Nf5 a4 48. Ke5 Kc4 49. Nd6+ Kb3 50. Nxf7 Kxa3 51. Kxd5 Kb3 52. Ne5 a3 53.
Nd3 Kc3 54. Nc1 Kd2 55. Nb3+ Kxe3 56. Ke5 Kf3 57. Kf5 Kg3 58. Nc1 1/2-1/2

[Event "Xtracon Skakligaen"]
[Site "Denmark"]
[Date "2016.03.06"]
[Round "9.7"]
[White "Grubert, Christian"]
[Black "Ejsing, Esben"]
[Result "0-1"]
[WhiteElo "2155"]
[BlackElo "2194"]
[PlyCount "94"]
[EventDate "2015.10.31"]
[EventType "team-tourn"]
[EventRounds "9"]
[EventCountry "DEN"]
[WhiteTeam "Jetsmark"]
[BlackTeam "Nordkalotten"]
[WhiteTeamCountry "DEN"]
[BlackTeamCountry "DEN"]

1. e4 c5 2. Nf3 e6 3. d3 Nc6 4. g3 g6 5. Bg2 Bg7 6. O-O Nge7 7. c3 d5 8. Qe2
O-O 9. Nbd2 e5 10. exd5 Nxd5 11. Nc4 Re8 12. Re1 Bf5 13. Ng5 Nf4 14. gxf4 Bxd3
15. Qe3 exf4 16. Qxe8+ Qxe8 17. Rxe8+ Rxe8 18. Bd5 Re1+ 19. Kg2 Bf1+ 20. Kf3
Bxc4 21. Bxc4 Ne5+ 22. Kg2 Nxc4 23. Nf3 Rd1 24. Rb1 Bf6 25. b4 cxb4 26. Rxb4
Rxc1 27. Rxc4 Rxc3 28. Rxf4 Kg7 29. Ra4 a6 30. Nd2 Rc6 31. Ne4 b5 32. Ra3 Be7
33. Rd3 f5 34. Nc3 Kf7 35. Kf3 Bd6 36. h3 Be5 37. Ne2 Rd6 38. Ra3 g5 39. Ng3
Ke6 40. Ne2 h5 41. Rb3 Kd5 42. Nc1 Kc4 43. Ke2 Bc3 44. Kf3 b4 45. Ne2 Rd3+ 46.
Kg2 Rd2 47. Ng3 Rxa2 0-1

[Event "Xtracon Skakligaen"]
[Site "Denmark"]
[Date "2016.03.06"]
[Round "9.8"]
[White "Hove, Esben Kjems"]
[Black "Rasmussen, Henning Lau"]
[Result "0-1"]
[WhiteElo "2218"]
[BlackElo "2132"]
[PlyCount "70"]
[EventDate "2015.10.31"]
[EventType "team-tourn"]
[EventRounds "9"]
[EventCountry "DEN"]
[WhiteTeam "Nordkalotten"]
[BlackTeam "Jetsmark"]
[WhiteTeamCountry "DEN"]
[BlackTeamCountry "DEN"]

1. d4 d5 2. Bg5 Nf6 3. Bxf6 exf6 4. e3 Bd6 5. Bd3 Nd7 6. Qf3 c6 7. Nd2 O-O 8.
Ne2 Re8 9. O-O g6 10. c4 dxc4 11. Nxc4 Bb8 12. Rad1 Nb6 13. e4 Be6 14. b3 Nxc4
15. bxc4 h5 16. Qe3 f5 17. e5 a6 18. Qc1 b5 19. cxb5 cxb5 20. Qb2 Ba7 21. Bc2
Bc4 22. Rfe1 Qg5 23. Bb3 Rac8 24. Bxc4 Rxc4 25. f4 Qd8 26. Kh1 h4 27. Rd3 Qa5
28. Qd2 b4 29. Rc1 Rxc1+ 30. Nxc1 Rc8 31. Nb3 Qd5 32. Qxb4 Qe4 33. Rd1 Rc2 34.
Nd2 Qe2 35. Rg1 Qxd2 0-1

[Event "Xtracon Skakligaen"]
[Site "Denmark"]
[Date "2016.03.06"]
[Round "9.1"]
[White "Hansen, Mads Smith"]
[Black "Jones, Gawain C B"]
[Result "0-1"]
[WhiteElo "2356"]
[BlackElo "2623"]
[PlyCount "38"]
[EventDate "2015.10.31"]
[EventType "team-tourn"]
[EventRounds "9"]
[EventCountry "DEN"]
[WhiteTeam "Obro"]
[BlackTeam "Philidor"]
[WhiteTeamCountry "DEN"]
[BlackTeamCountry "DEN"]

1. d4 Nf6 2. Nf3 g6 3. Bg5 Bg7 4. Nbd2 O-O 5. e4 d5 6. exd5 Nxd5 7. Nb3 a5 8.
a4 b6 9. Be2 c5 10. O-O h6 11. Bd2 cxd4 12. Nbxd4 e5 13. Nb5 Nc6 14. Qc1 e4 15.
Bxh6 exf3 16. Bxf3 Ne5 17. Rd1 Nxf3+ 18. gxf3 Qh4 19. Bg5 Qc4 0-1

[Event "Xtracon Skakligaen"]
[Site "Denmark"]
[Date "2016.03.06"]
[Round "9.2"]
[White "Grandelius, Nils"]
[Black "Jorgensen, Dennis"]
[Result "1-0"]
[WhiteElo "2647"]
[BlackElo "2237"]
[PlyCount "65"]
[EventDate "2015.10.31"]
[EventType "team-tourn"]
[EventRounds "9"]
[EventCountry "DEN"]
[WhiteTeam "Philidor"]
[BlackTeam "Obro"]
[WhiteTeamCountry "DEN"]
[BlackTeamCountry "DEN"]

1. c4 c6 2. Nf3 d5 3. g3 Nf6 4. Bg2 dxc4 5. O-O Nbd7 6. Qc2 Nb6 7. Na3 Be6 8.
Ng5 Qd7 9. Nxe6 Qxe6 10. b3 cxb3 11. axb3 g6 12. Nc4 Nxc4 13. bxc4 Bg7 14. d4
O-O 15. e4 Rfd8 16. Bb2 Ne8 17. Rfd1 Nd6 18. Rac1 Rac8 19. Ba1 b5 20. c5 Nc4
21. Bf1 Bh6 22. Bxc4 bxc4 23. Rb1 Rb8 24. Rxb8 Rxb8 25. d5 Qg4 26. dxc6 Rc8 27.
Rd7 Qe6 28. Qb2 f6 29. Qb7 Qxc6 30. Rd8+ Rxd8 31. Qxc6 Rd1+ 32. Kg2 Rxa1 33.
Qe6+ 1-0

[Event "Xtracon Skakligaen"]
[Site "Denmark"]
[Date "2016.03.06"]
[Round "9.3"]
[White "Larsen, Karsten"]
[Black "Glud, Jakob Vang"]
[Result "0-1"]
[WhiteElo "2252"]
[BlackElo "2535"]
[PlyCount "102"]
[EventDate "2015.10.31"]
[EventType "team-tourn"]
[EventRounds "9"]
[EventCountry "DEN"]
[WhiteTeam "Obro"]
[BlackTeam "Philidor"]
[WhiteTeamCountry "DEN"]
[BlackTeamCountry "DEN"]

1. e4 e5 2. Nf3 Nc6 3. Bb5 a6 4. Ba4 Nf6 5. O-O Be7 6. Bxc6 dxc6 7. Qe1 Nd7 8.
b3 O-O 9. Bb2 Bd6 10. Nc3 Re8 11. d3 Nf8 12. Ne2 Ng6 13. Kh1 a5 14. a4 b6 15.
Bc3 Qe7 16. Nd2 Bb4 17. Nc4 Qc5 18. Bd2 Bxd2 19. Qxd2 Be6 20. Ne3 Nf4 21. g3
Nh5 22. Qc3 Qd6 23. f4 exf4 24. Nxf4 Nxf4 25. Rxf4 c5 26. Raf1 Qd4 27. Qe1 c6
28. Nf5 Qe5 29. Qa1 Qxa1 30. Rxa1 g6 31. Ne3 b5 32. Kg1 Red8 33. Rff1 Rd4 34.
Kf2 c4 35. bxc4 bxc4 36. Ke2 Rb8 37. Rfb1 cxd3+ 38. cxd3 Rxb1 39. Rxb1 Rxa4 40.
Rc1 Ra2+ 41. Kf3 Rd2 42. Rxc6 Rxd3 43. Ra6 Ra3 44. h4 h6 45. Kf2 a4 46. g4 g5
47. h5 Ra1 48. Nd5 Kg7 49. Ke3 a3 50. Kf2 a2 51. Kg2 Rd1 0-1

[Event "Xtracon Skakligaen"]
[Site "Denmark"]
[Date "2016.03.06"]
[Round "9.4"]
[White "Rasmussen, Allan Stig"]
[Black "Skousen, Nikolai"]
[Result "0-1"]
[WhiteElo "2498"]
[BlackElo "2225"]
[PlyCount "144"]
[EventDate "2015.10.31"]
[EventType "team-tourn"]
[EventRounds "9"]
[EventCountry "DEN"]
[WhiteTeam "Philidor"]
[BlackTeam "Obro"]
[WhiteTeamCountry "DEN"]
[BlackTeamCountry "DEN"]

1. Nf3 Nf6 2. d4 g6 3. Bf4 Bg7 4. e3 d6 5. Be2 O-O 6. O-O Nbd7 7. h3 b6 8. a4
a6 9. c4 Bb7 10. Bh2 Re8 11. a5 e5 12. Nc3 h6 13. Qa4 exd4 14. Nxd4 Nc5 15. Qd1
bxa5 16. Rxa5 Nfe4 17. Na2 Nd7 18. Ra3 a5 19. Qc2 Ndc5 20. Rd1 Qe7 21. Bf1 Kh7
22. Nc1 a4 23. Nce2 Rab8 24. Nf4 Ba8 25. Nd5 Qd8 26. Ra2 Qd7 27. Be2 Kh8 28.
Bg4 f5 29. Be2 Red8 30. Nf4 Qf7 31. h4 h5 32. f3 Nf6 33. Bg3 Re8 34. Bf2 Bh6
35. Ra3 Re7 36. Bf1 Rbe8 37. Qb1 Bb7 38. Bd3 Rxe3 39. Bxe3 Rxe3 40. Nde2 Qe8
41. Kf2 Kg7 42. Bc2 Re5 43. g3 Qc6 44. Nd4 Qb6 45. Rc3 Kf7 46. Kg2 Ng4 47. Rd2
Ne3+ 48. Kh3 Qb4 49. Qc1 Bg7 50. Re2 Nxc2 51. Qxc2 Qb6 52. Ra3 Bf6 53. Nb5 Bc6
54. Nd4 Bb7 55. Kg2 Qb4 56. Nd3 Qb6 57. Nxe5+ dxe5 58. Nb5 e4 59. fxe4 Nxe4 60.
Kh2 Qc6 61. Ra1 Nxg3 62. Re3 Ne4 63. Rd1 Be5+ 64. Kh3 Qe6 65. Rf1 Kg7 66. Ref3
f4+ 67. Kh2 Qg4 68. Qe2 Qxh4+ 69. Kg2 Qg5+ 70. Kh2 Ng3 71. Qd3 Qh4+ 72. Kg2
Nxf1 0-1

[Event "Xtracon Skakligaen"]
[Site "Denmark"]
[Date "2016.03.06"]
[Round "9.5"]
[White "Schou Moldt, Thomas"]
[Black "Ziska, Helgi Dam"]
[Result "0-1"]
[WhiteElo "2144"]
[BlackElo "2523"]
[PlyCount "67"]
[EventDate "2015.10.31"]
[EventType "team-tourn"]
[EventRounds "9"]
[EventCountry "DEN"]
[WhiteTeam "Obro"]
[BlackTeam "Philidor"]
[WhiteTeamCountry "DEN"]
[BlackTeamCountry "DEN"]

1. e4 c5 2. Nf3 d6 3. Bb5+ Nd7 4. d4 cxd4 5. Qxd4 a6 6. Bxd7+ Bxd7 7. c4 Rc8 8.
Nc3 e5 9. Qd3 Qc7 10. Nd2 Nf6 11. O-O Be7 12. a4 O-O 13. b3 b5 14. axb5 axb5
15. Nxb5 Bxb5 16. cxb5 d5 17. b6 Qxb6 18. exd5 Rfd8 19. Nc4 Qb8 20. Qh3 Nxd5
21. Ba3 Nf4 22. Qf3 Rd3 23. Qe4 Rd4 24. Qf3 Bf6 25. Rad1 e4 26. Qg4 h5 27. Qf5
Rxd1 28. Rxd1 Re8 29. b4 Nd3 30. b5 Qa7 31. Qxh5 Qxf2+ 32. Kh1 Qa2 33. Nd6 Re5
34. Rxd3 0-1

[Event "Xtracon Skakligaen"]
[Site "Denmark"]
[Date "2016.03.06"]
[Round "9.6"]
[White "Aagaard, Jacob"]
[Black "Simonsen, Carsten"]
[Result "1-0"]
[WhiteElo "2498"]
[BlackElo "2217"]
[PlyCount "75"]
[EventDate "2015.10.31"]
[EventType "team-tourn"]
[EventRounds "9"]
[EventCountry "DEN"]
[WhiteTeam "Philidor"]
[BlackTeam "Obro"]
[WhiteTeamCountry "DEN"]
[BlackTeamCountry "DEN"]

1. e4 e5 2. Nf3 Nc6 3. Bb5 a6 4. Ba4 Nf6 5. O-O Be7 6. Re1 b5 7. Bb3 d6 8. c3
O-O 9. h3 Nb8 10. d3 Nbd7 11. Nbd2 Bb7 12. Nf1 Nc5 13. Bc2 Re8 14. Ng3 Bf8 15.
Nh2 d5 16. Qf3 Ne6 17. Nf5 a5 18. Qg3 Kh8 19. Nf3 Nh5 20. Nxe5 Qf6 21. Qh2 Nc5
22. d4 Nxe4 23. g4 g6 24. Nh6 Bxh6 25. Bxh6 Ng7 26. f3 Nd6 27. h4 Ne6 28. Nd7
Qxf3 29. Qe5+ f6 30. Qxf6+ Qxf6 31. Nxf6 Re7 32. Bf4 Nf7 33. Bxc7 Rxc7 34. Rxe6
b4 35. Rf1 bxc3 36. Ne8 Rd7 37. Ba4 Nd8 38. Rf8# 1-0

[Event "Xtracon Skakligaen"]
[Site "Denmark"]
[Date "2016.03.06"]
[Round "9.7"]
[White "Kaaber Hansen, Jacob"]
[Black "Mikkelsen, Nikolaj"]
[Result "1/2-1/2"]
[WhiteElo "2229"]
[BlackElo "2462"]
[PlyCount "39"]
[EventDate "2015.10.31"]
[EventType "team-tourn"]
[EventRounds "9"]
[EventCountry "DEN"]
[WhiteTeam "Obro"]
[BlackTeam "Philidor"]
[WhiteTeamCountry "DEN"]
[BlackTeamCountry "DEN"]

1. c4 Nf6 2. Nc3 g6 3. g3 Bg7 4. Bg2 O-O 5. e4 d6 6. Nge2 e5 7. O-O c6 8. b3 a6
9. d4 Nbd7 10. h3 Re8 11. Re1 b5 12. dxe5 Nxe5 13. f4 Qb6+ 14. Kh1 Neg4 15.
hxg4 Nxg4 16. Qxd6 Nf2+ 17. Kh2 Ng4+ 18. Kh1 Nf2+ 19. Kh2 Ng4+ 20. Kh1 1/2-1/2

[Event "Xtracon Skakligaen"]
[Site "Denmark"]
[Date "2016.03.06"]
[Round "9.8"]
[White "Bekker Jensen, Simon"]
[Black "Christensen, Christian Sylvester"]
[Result "1-0"]
[WhiteElo "2438"]
[BlackElo "2109"]
[PlyCount "109"]
[EventDate "2015.10.31"]
[EventType "team-tourn"]
[EventRounds "9"]
[EventCountry "DEN"]
[WhiteTeam "Philidor"]
[BlackTeam "Obro"]
[WhiteTeamCountry "DEN"]
[BlackTeamCountry "DEN"]

1. d4 d5 2. c4 e6 3. Nc3 Nf6 4. cxd5 exd5 5. Bg5 c6 6. Qc2 Be7 7. e3 Nbd7 8.
Bd3 Nh5 9. Bxe7 Qxe7 10. O-O-O Nb6 11. h3 g6 12. Nf3 Ng7 13. g4 Bd7 14. Rhe1
O-O-O 15. e4 dxe4 16. Bxe4 Qd6 17. Ne5 Kb8 18. f4 Nd5 19. Bxd5 cxd5 20. Qb3 Be6
21. Kb1 f6 22. Nd3 Rhe8 23. Nc5 Qb6 24. Qc2 Bc8 25. Rxe8 Nxe8 26. Re1 Qd6 27.
a3 Nc7 28. Ka2 Re8 29. Nb5 Qd8 30. Rxe8 Nxe8 31. Qb3 Nc7 32. Nxc7 Kxc7 33. Qc3
Kb8 34. Qg3 Qd6 35. Qe3 h5 36. f5 gxf5 37. gxh5 f4 38. Qf3 Bf5 39. h6 b6 40.
Qh5 Bc2 41. Qe8+ Kc7 42. Qf7+ Kc8 43. Qg8+ Qd8 44. Qg4+ Kb8 45. Qxf4+ Ka8 46.
Ne6 Qc8 47. Qc7 Qxe6 48. Qxc2 Kb7 49. Qh7+ Kc6 50. Qxa7 Qe2 51. Qa8+ Kd6 52.
Qd8+ Kc6 53. Qc8+ Kb5 54. h7 Qc4+ 55. Qxc4+ 1-0